El Estado de seguridad nacional en El Salvador: un fenómeno de crisis hegemónica

Análisis sobre los institutos militares dentro del contexto de los sistemas políticos en El Salvador. Estudia el problema del poder político y señala que este se encuentra basado en última instancia en el uso de la coerción física y la violencia. Examina el papel de los institutos militares en el pa...

Fuld beskrivelse

Guardado en:
Bibliografiske detaljer
Hovedforfatter: Flores Pinel, Fernando
Format: Texto
Udgivet: San Salvador: Universidad Centroamericana José Simeón Cañas
Fag:
Tags: Tilføj Tag
Ingen Tags, Vær først til at tagge denne postø!

MARC

LEADER 00000 a a2200000 04500
001 20152
003
040
090 |a 083000  
100 |a Flores Pinel, Fernando  
245 |a El Estado de seguridad nacional en El Salvador: un fenómeno de crisis hegemónica  
260 |a San Salvador:   |b Universidad Centroamericana José Simeón Cañas  
300 |a 49 p.  
520 |a Análisis sobre los institutos militares dentro del contexto de los sistemas políticos en El Salvador. Estudia el problema del poder político y señala que este se encuentra basado en última instancia en el uso de la coerción física y la violencia. Examina el papel de los institutos militares en el paso de un modelo liberal hacia un modelo de seguridad nacional, así como la participación política de dichos institutos en el desplazamiento del modelo liberal./ACM  
650 |a EJERCITO  
650 |a POLITICA DE DEFENSA  
650 |a MILITARISMO  
650 |a REPRESION  
999 |c 14406  |d 14406